ΜΕΓ

Αποθηκεύτηκε σε:
Λεπτομέρειες βιβλιογραφικής εγγραφής
Κύριος συγγραφέας: Alten, Steve
Άλλοι συγγραφείς: Παπασταύρου, Άννα (trlf)
Μορφή: Βιβλίο
Γλώσσα:Greek
English
Δημοσίευση: Αθήνα: Ελληνικά Γράμματα, 1997.
Θέματα:
Ετικέτες: Προσθήκη ετικέτας
Δεν υπάρχουν, Καταχωρήστε ετικέτα πρώτοι!

MARC

LEADER 00000cam a2200000 i 4500
001 1/73629
008 990318s1997 gr | ||| |||| ||gre||
020 |a 960344331X 
035 |l 10048854 
040 |a GR-MyUa   |b gre   |e AACR2  
041 1 |a gre  |h eng 
082 7 |a 813.54   |2 (22)  
100 1 |a Alten, Steve. 
245 1 0 |a ΜΕΓ /   |c Steve Alten ; μετάφραση: Άννα Παπασταύρου.  
260 |a Αθήνα:   |b Ελληνικά Γράμματα,   |c 1997.  
300 |a 308 σ. ;   |c 23 εκ.  
500 |a Τίτλος πρωτοτύπου: MEG. 
650 0 |a Deep diving  |x Fiction. 
650 0 |a Megalodontacea  |x Fiction. 
700 1 |a Παπασταύρου, Άννα,  |e trlf 
852 |a INST  |b RHODES  |e 19990318  |h 813.54 ALT  |p 005400015450  |q 005400015450  |t BK  |y 0 
901 |a BIBL-1999-1 
970 |z 1999/03/18 
922 |a 4ΕΛΗ  |b 199903  |c Δωρεά